000 00396nam a2200193Ia 4500
001 13709
003 GE_BSU
008 181216s||||||||xx |||||||||||||| ||und||
040 _cGE_BSU
080 _a821.111-3
100 _aCookson,Catherine
245 _aOur Kate
260 _aLondon
260 _bCorgi books
260 _c1969
300 _a252p.18cm.
653 _aOur Kate
942 _cBK
999 _c46857
_d46857